000 00903nam a2200265Ia 4500
001 Para_5570
003 CHAP
008 220125s1989 xx 000 0 und d
010 _a204017
040 _cCHAP
090 _aPA FOLLETO 3025
100 _aCárdenas S. , José Guadalupe
_924092
245 _aRecomendaciones técnicas para los productores de caña de azúcar en el Ingenio San Miguelito, Ver. /
_c por José Guadalupe Cárdenas S.
260 _aMéxico, D. F. :
_b Instituto para el Mejoramiento de la Producción de Azúcar
300 _a14 p.
650 _aCaña de azúcar
_x Veracruz
_9142616
710 _aInstituto para el Mejoramiento de Producción de Azúcar. México
_9170061
901 _aPA FOLLETO 3025
902 _aA
905 _a0000001989 mx 0000000000 00
910 _a1989
942 _cPARA
942 _cPARA
_d1
999 _c204017
_d204017